Quinze poetes gallecs / (Record no. 123748)

MARC details
000 -LEADER
campo de control de longitud fija 00538nam a2200181 4500
001 - NÚMERO DE CONTROL
campo de control 123748
003 - IDENTIFICADOR DE NÚMERO DE CONTROL
campo de control ES-MaACL
005 - FECHA Y HORA DE LA ÚLTIMA TRANSACCIÓN
campo de control 20250722131825.0
007 - CAMPO FIJO DE DESCRIPCIÓN FÍSICA--INFORMACIÓN GENERAL
campo de control de longitud fija t|
008 - DATOS DE LONGITUD FIJA--INFORMACIÓN GENERAL
campo de control de longitud fija 070214s1976 sp r ||||1| cat d
245 00 - MENCIÓN DEL TÍTULO
Título Quinze poetes gallecs /
Mención de responsabilidad, etc. Josep María Llompart ; próleg de Basilio Losada.
260 ## - PUBLICACIÓN, DISTRIBUCIÓN, ETC.
Lugar de publicación, distribución, etc. Palma de Mallorca :
Nombre del editor, distribuidor, etc. Moll,
Fecha de publicación, distribución, etc. 1976.
300 ## - DESCRIPCIÓN FÍSICA
Extensión 116 p. ;
Dimensiones 16 cm.
700 1# - ENTRADA AGREGADA--NOMBRE PERSONAL
Nombre de persona Llompart, Josep M.
9 (RLIN) 72812
700 1# - ENTRADA AGREGADA--NOMBRE PERSONAL
Nombre de persona Losada, Basilio,
Fechas asociadas al nombre 1930-
9 (RLIN) 74251
852 ## - LOCALIZACIÓN
Ubicación ES-MaACL
Número de control de estantería E-10115
Sublocalización o colección R.94360
Holdings
Estatus retirado Estado de pérdida Estado de daño No para préstamo Biblioteca de origen Biblioteca actual Ubicación en estantería Fecha de adquisición Fuente de adquisición Total de préstamos Signatura topográfica completa Código de barras Visto por última vez Precio de reemplazo Tipo de ítem Koha
        Biblioteca del Ateneo de Madrid Biblioteca del Ateneo de Madrid Depósito 2 17/01/2008     E-10115 1128929 23/02/2023 23/02/2023 Libro impreso